Biokompatibilita uhlíkových vrstev : (teze disertační práce) /

Main Author: Šubrtová, Irena, 1979-
Corporate Author: Technická univerzita v Liberci. Strojní fakulta
Language: Czech
Published: Liberec : Technická univerzita v Liberci, 2006
Subjects:
Physical Description: 28 s. : il. (převážně barev.) ; 21 cm
Language note: Anglické resumé
Book
Saved in:
LEADER 02172nam a2200589 a 4500
001 nkc20061662586
003 CZ PrNK
005 20070306112116.0
007 ta
008 060705s2006 xr a f m 000 0 cze
015 |a cnb001662586 
020 |a 80-7372-090-6  |q (brož.) 
035 |a (OCoLC)124086655 
040 |a BOA001  |b cze  |d ABA001 
041 0 |a cze  |b eng 
072 7 |a 620.1/.2  |x Nauka o materiálu  |2 Konspekt  |9 19 
080 |a 621.793/.795-034  |2 MRF 
080 |a 620.2-032.3  |2 MRF 
080 |a 539.216-032.3  |2 MRF 
080 |a 616-07/-08-71  |2 MRF 
080 |a 617-089.843  |2 MRF 
080 |a 612.06-021.29  |2 MRF 
080 |a (043.3)  |2 MRF 
080 |a (048.3)  |2 MRF 
100 1 |a Šubrtová, Irena,  |d 1979-  |7 mzk2006368271  |4 dis 
245 1 0 |a Biokompatibilita uhlíkových vrstev :  |b (teze disertační práce) /  |c Irena Šubrtová 
260 |a Liberec :  |b Technická univerzita v Liberci,  |c 2006 
300 |a 28 s. :  |b il. (převážně barev.) ;  |c 21 cm 
500 |a Studijní obor (zaměření): 2303V002 Strojírenská technologie (materiálové inženýrství) 
502 |a Teze disertační práce (Ph.D.)--Technická univerzita v Liberci, Fakulta strojní, 2006 
504 |a Obsahuje bibliografie 
546 |a Anglické resumé 
650 0 7 |a povrchové úpravy kovů  |7 ph124453  |2 czenas 
650 0 7 |a uhlíkové vrstvy  |7 ph388513  |2 czenas 
650 0 7 |a biomedicínské inženýrství  |7 ph135799  |2 czenas 
650 0 7 |a implantáty  |7 ph220687  |2 czenas 
650 0 7 |a biokompatibilita  |7 ph388512  |2 czenas 
650 0 9 |a metals finishing  |2 eczenas 
650 0 9 |a carbon films  |2 eczenas 
650 0 9 |a biomedical engineering  |2 eczenas 
650 0 9 |a implants  |2 eczenas 
650 0 9 |a biocompatibility  |2 eczenas 
655 7 |a disertace  |7 fd132024  |2 czenas 
655 7 |a teze  |7 fd133701  |2 czenas 
655 9 |a dissertations  |2 eczenas 
655 9 |a abstracts  |2 eczenas 
710 2 |a Technická univerzita v Liberci.  |b Strojní fakulta  |7 kn20010709341 
910 2 |a BOA001  |b 2-1172.767 
990 |a BK 
995 |a 01 
991 |b 200612  |c NOV 
996 6 |b 2610295463  |c 2-1172.767  |l MZK  |r Sklad / do 1 hodiny  |n 1  |p p.v.  |w 000834046  |u 000010  |a 1  |e BOA001  |j MZK50  |s P